Chef-lieux des territoires ultramarins français - Statistiques

Statistiques générales
  • Ce quiz a été pris 141 fois
  • Le résultat moyen est 4 sur 11
Statistiques - réponses
DROM,COM,POM chef-lieu % Correct
Martinique Fort-de-France
79%
Guadeloupe Basse-Terre
75%
Guyane Cayenne
75%
Réunion Saint-Denis
53%
Polynésie française Papeete
41%
Mayotte Mamadzou
26%
Saint-Barthélémy Gustavia
25%
Nouvelle-Calédonie Nousma
25%
Saint-Pierre-et-Miquelon Saint-Pierre
14%
Saint-Martin Miragot
9%
Wallis-et-Futuna Mata-Utu
7%
Aucun quiz correspondant
Distribution des résultats
% des personnes avec chaque résultat
Percentile par nombre de réponses
Votre historique - résultats
Vous n’avez pas pris ce quiz